All Countries by Easternmost Point on Land - Statistics

General Stats
  • This quiz has been taken 2,671 times
    1,584 since last reset
  • The average score is 79 of 196
Answer Stats
Latitude and Continent Country % Correct
169°01'W - Asia/Europe Russia
100%
169°52'W - Oceania New Zealand
81%
178°15'W - Oceania Fiji
73%
153°59'E - Asia Japan
71%
141°05'E - Asia Indonesia
69%
179°51'E - Oceania Tuvalu
68%
172°09'E - Oceania Marshall Islands
67%
170°13'E - Oceania Vanuatu
67%
167°57'E - Oceania Australia
66%
134°46'E - Asia China
66%
134°42'E - Oceania Palau
66%
170°10'E - Oceania Solomon Islands
66%
166°57'E - Oceania Nauru
65%
159°24'E - Oceania Papua New Guinea
65%
131°52'E - Asia South Korea
65%
163°01'E - Oceania Federated States of Micronesia
64%
130°40'E - Asia North Korea
64%
126°34'E - Asia Philippines
63%
122°06'E - Asia Taiwan
62%
72°30'E - Europe United Kingdom
62%
127°19'E - Asia East Timor
61%
119°10'E - Asia Malaysia
61%
120°00'E - Asia Mongolia
61%
109°30'E - Asia Vietnam
61%
92°35'E - Asia Bangladesh
60%
92°05'E - Asia Bhutan
60%
115°25'E - Asia Brunei
60%
101°10'E - Asia Burma
60%
107°35'E - Asia Cambodia
60%
97°20'E - Asia India
60%
87°30'E - Asia Kazakhstan
60%
106°40'E - Asia Laos
60%
88°15'E - Asia Nepal
60%
105°40'E - Asia Thailand
60%
75°00'E - Asia Afghanistan
59%
63°30'E - Africa Mauritius
59%
77°30'E - Asia Pakistan
59%
104°24'E - Asia Singapore
59%
80°20'E - Asia Kyrgyzstan
58%
56°16'E - Africa Seychelles
58%
81°40'E - Asia Sri Lanka
58%
75°05'E - Asia Tajikistan
58%
44°49'E - Asia/Europe Turkey
58%
73°20'E - Asia Uzbekistan
58%
66°40'E - Asia Turkmenistan
57%
55°50'E - Europe France
56%
63°18'E - Asia Iran
56%
50°40'E - Africa Madagascar
56%
73°31'E - Asia Maldives
56%
59°50'E - Asia Oman
56%
51°27'E - Africa Somalia
56%
56°24'E - Asia United Arab Emirates
55%
48°33'E - Asia Iraq
54%
55°30'E - Asia Saudi Arabia
54%
40°15'E - Europe Ukraine
54%
54°30'E - Asia Yemen
54%
46°37'E - Asia Armenia
53%
50°33'E - Asia Azerbaijan
53%
50°43'E - Asia Bahrain
53%
44°32'E - Africa Comoros
53%
43°25'E - Africa Djibouti
53%
43°7'E - Africa Eritrea
53%
48°00'E - Africa Ethiopia
53%
46°40'E - Asia Georgia
53%
48°40'E - Asia Kuwait
53%
51°39'E - Asia Qatar
53%
42°25'E - Asia Syria
52%
39°20'E - Asia Jordan
51%
41°00'E - Africa Kenya
51%
36°38'E - Asia Lebanon
51%
35°40'E - Asia Israel
50%
34°36'E - Asia Cyprus
49%
40°45'E - Africa Mozambique
49%
40°29'E - Africa Tanzania
49%
38°35'E - Africa Sudan
47%
32°46'E - Europe Belarus
45%
33°30'E - Europe Norway
45%
35°56'E - Africa South Sudan
45%
35°45'E - Africa Egypt
44%
31°35'E - Europe Finland
44%
35°55'E - Africa Malawi
43%
35°02'E - Africa Uganda
43%
150°13'W - Oceania Kiribati
42%
30°10'E - Europe Moldova
42%
29°40'E - Europe Romania
42%
29°38'E - Europe Greece
41%
171°20'W - Oceania Samoa
40%
28°36'E - Europe Bulgaria
39%
28°12'E - Europe Estonia
39%
28°15'E - Europe Latvia
39%
32°55'E - Africa South Africa
39%
173°43'W - Oceania Tonga
39%
31°30'E - Africa Democratic Republic of the Congo
38%
26°50'E - Europe Lithuania
38%
32°50'E - Africa Zambia
38%
33°00'E - Africa Zimbabwe
38%
30°50'E - Africa Burundi
37%
32°08'E - Africa Eswatini
37%
30°53'E - Africa Rwanda
37%
24°09'E - Europe Poland
36%
23°01'E - Europe Serbia
35%
24°10'E - Europe Sweden
35%
23°00'E - Europe North Macedonia
34%
22°30'E - Europe Slovakia
34%
29°20'E - Africa Botswana
33%
27°28'E - Africa Central African Republic
33%
22°55'E - Europe Hungary
33%
21°47'E - Europe Kosovo
33%
29°28'E - Africa Lesotho
33%
21°4'E - Europe Albania
32%
19°30'E - Europe Bosnia and Herzegovina
32%
52°37' W - North America Canada
32%
24°00'E - Africa Chad
32%
19°27'E - Europe Croatia
32%
25°05'E - Africa Libya
32%
20°21'E - Europe Montenegro
32%
24°00'E - Africa Angola
31%
17°9'E - Europe Austria
31%
28°50'W - South America Brazil
31%
18°51'E - Europe Czech Republic
31%
18°31'E - Europe Italy
31%
25°15'E - Africa Namibia
30%
53°5'W - South America Uruguay
30%
53°41'W - South America Argentina
29%
15°2'E - Europe Germany
29%
56°30'W - South America Guyana
29%
13°14'W - Europe Iceland
29%
6°01'W - Europe Ireland
29%
54°15'W - South America Paraguay
29%
6°11'W - Europe Portugal
29%
18°40'E - Africa Republic of the Congo
29%
16°36'E - Europe Slovenia
29%
54°00'W - South America Suriname
29%
1°47'E - Europe Andorra
28%
57°30'W - South America Bolivia
28%
15°11'E - Europe Denmark
28%
14°34'E - Europe Malta
28%
7°13'E - Europe Netherlands
28%
12°31'E - Europe San Marino
28%
4°19'E - Europe Spain
28%
64°34'W - North America United States
28%
12°27'E - Europe Vatican City
28%
59°45'W - South America Venezuela
28%
6°22'E - Europe Belgium
27%
16°12'E - Africa Cameroon
27%
66°24'W - South America Chile
27%
9°33'E - Europe Liechtenstein
27%
6°32'E - Europe Luxembourg
27%
7°26'E - Europe Monaco
27%
16°00'E - Africa Niger
27%
10°29'E - Europe Switzerland
27%
22°40'W - Africa Cape Verde
26%
67°00'W - South America Colombia
26%
75°15'W - South America Ecuador
26%
13°15'E - Africa Nigeria
26%
68°39'W - South America Peru
26%
14°30'E - Africa Gabon
25%
12°00'E - Africa Algeria
24%
13°48'W - Africa Gambia
24%
11°35'E - Africa Tunisia
24%
11°20'E - Africa Equatorial Guinea
23%
7°45'W - Africa Guinea
23%
13°40'W - Africa Guinea-Bissau
23%
7°22'W - Africa Liberia
23%
1°10'W - Africa Morocco
23%
11°22'W - Africa Senegal
23%
10°17'W - Africa Sierra Leone
23%
3°50'E - Africa Benin
22%
2°25'E - Africa Burkina Faso
22%
1°10'E - Africa Ghana
22%
2°35'W - Africa Ivory Coast
22%
4°00'E - Africa Mali
22%
4°45'W - Africa Mauritania
22%
1°46'E - Africa Togo
22%
59°26'W - North America Barbados
21%
7°26'E - Africa São Tomé and Príncipe
21%
60°31'W - North America Trinidad and Tobago
21%
61°15'W - North America Dominica
20%
61°40'W - North America Antigua and Barbuda
19%
72°45'W - North America Bahamas
19%
87°35'W - North America Belize
19%
74°08'W - North America Cuba
19%
68°20'W - North America Dominican Republic
19%
61°23'W - North America Grenada
19%
88°15'W - North America Guatemala
19%
71°38'W - North America Haiti
19%
83°35'W - North America Honduras
19%
86°42'W - North America Mexico
19%
82°46'W - North America Nicaragua
19%
62°31'W - North America Saint Kitts and Nevis
19%
60°54'W - North America Saint Lucia
19%
61°08'W - North America Saint Vincent and the Grenadines
19%
82°30'W - North America Costa Rica
18%
87°42'W - North America El Salvador
18%
76°12'W - North America Jamaica
18%
77°09'W - North America Panama
18%
No matching quizzes found
Score Distribution
Percent of People with Each Score
Percentile by Number Answered
Your Score History
You have not taken this quiz since the last reset